000 00391nam a2200145Ia 4500
008 240624s9999 xx 000 0 und d
041 _aeng
082 _a658.4038011 MUR
100 _aMURDICK ROBERT G
245 _aINFORMATION SYSTEMS FOR MODERN MANAGEMEN
250 _a(3rd ed.)
260 _c2009
_aNew Delhi
_bPrentice-Hall of India
300 _a466 : p. : cm. ; 22
365 _cRS
_b35
999 _c13929
_d13929